Cities and Airports - US #1 - Statistics

General Stats
  • This quiz has been taken 54 times
  • The average score is 18 of 35
Answer Stats
City Airport % Correct
New York City John F. Kennedy International Airport
98%
LaGuardia Airport
93%
Los Angeles International Airport
88%
Newark Liberty International Airport
86%
Chicago O'Hare International Airport
84%
Boston Boston Logan International Airport
81%
Ronald Reagan Washington National Airport
81%
San Francisco International Airport
79%
Miami Miami International Airport
74%
Orlando International Airport
74%
Tampa International Airport
72%
Washington Dulles International Airport
72%
Chicago Chicago Midway International Airport
60%
Norman Y. Mineta San Jose International Airport
58%
Fort Lauderdale–Hollywood International Airport
56%
Los Angeles Hollywood Burbank Airport
56%
Oakland International Airport
53%
Washington D.C. Baltimore/Washington International Thurgood Marshall Airport
51%
Long Beach Airport
49%
John Wayne Airport
44%
St. Pete–Clearwater International Airport
44%
Long Island MacArthur Airport
40%
Ontario International Airport
37%
Palm Beach International Airport
35%
Manchester–Boston Regional Airport
30%
Orlando Sanford International Airport
30%
Westchester County Airport
30%
Worcester Regional Airport
26%
Orlando Melbourne Orlando International Airport
23%
Chicago Rockford International Airport
21%
Tampa Sarasota–Bradenton International Airport
19%
Stewart International Airport
19%
San Francisco Charles M. Schulz–Sonoma County Airport
12%
Trenton–Mercer Airport
12%
Rhode Island T. F. Green International Airport
7%
No matching quizzes found
Score Distribution
Percent of People with Each Score
Percentile by Number Answered
Your Score History
You have not taken this quiz